| 000 | 01383nam0a22003011 4500 | ||
|---|---|---|---|
| 001 | rc\2284598 | ||
| 005 | 20260407145708.0 | ||
| 035 | _a(NLR Aleph) 006563487 | ||
| 090 |
_a6868800 _c6868800 |
||
| 100 | _a20110829d1976 |||y0rusy50 ca | ||
| 101 | 0 | _arus | |
| 102 | _aRU | ||
| 105 | _ay d ||||| | ||
| 200 | 1 |
_aОпыт планирования социального развития предприятий, административных районов, городов, областей _e[Реф. обзор _fСост. С.С. Водопьянов] _gКаз. науч.-исслед. ин-т науч.-техн. информации и техн.-экон. исследований |
|
| 210 |
_aАлма-Ата _cКазНИИНТИ _d1976 |
||
| 215 |
_a28 с. _d29 |
||
| 320 | _aСписок лит.: с. 27-28 (26 назв.) | ||
| 606 |
_aСоциальное планирование _2psbo |
||
| 686 |
_aУ9(2)238 _2rubbk |
||
| 700 | 1 |
_aВодопьянов _bС.С. |
|
| 712 | 0 | 2 |
_aКазахский НИИ научно-технической информации и технико-экономических исследований _cАлма-Ата _3RU\NLR\AUTH\8810023853 _9545752 |
| 801 | 0 |
_aRU _bNLR _gpsbo |
|
| 801 | 1 |
_aRU _bELAR _2rusmarc |
|
| 852 |
_aNLR _j77-8/155 |
||
| 899 |
_aRuMoRGB _jБ 76-57/279 |
||
| 899 |
_aRuMoRGB _jБ 76-57/280 |
||
| 942 | _cBOOK | ||
| 980 | _aNB | ||